| 000 | 00905nam a2200253Ia 4500 | ||
|---|---|---|---|
| 008 | 191130s2009##################000#0#eng## | ||
| 020 | _a9780123741356 | ||
| 040 |
_aACL _cACL |
||
| 082 | _a616.396 PRE | ||
| 245 |
_aComprehensive handbook of iodine : nutritional, biochemical, pathological and therapeutic aspects _cedited by Victor R. Preedy, Gerard N. Burrow, Ronald Watson |
||
| 260 |
_aAmsterdam _bElsevier _c2009 |
||
| 300 | _axxiv, 1312 p. : ill. ; 29 cm | ||
| 500 | _aIncludes bibliographical references and index | ||
| 650 | _aIodine deficiency diseases | ||
| 650 | _aIodine deficiency diseases -- Prevention | ||
| 650 | _aIodine deficiency diseases -- Treatment | ||
| 650 | _aIodine in the body | ||
| 700 | _aBurrow, Gerard N | ||
| 700 | _aPreedy, Victor R | ||
| 700 | _aWatson, Ronald Ross | ||
| 990 | _a5d579fe3ac10000c241195a7144a7f92 | ||
| 991 | _a176104 | ||
| 999 |
_c135447 _d135447 |
||